000 00302nam a22001337a 4500
008 260218b ||||| |||| 00| 0 eng d
020 _a9951050190
041 _aeng
080 _a821.18
100 _a20.1
101 _aRoman
245 _aJeta dhe krijimtaria letrare
_cJosip Rela
942 _2lcc
_cBK
999 _c60812
_d60812